[Event "Taastrup B"]
[Site "Taastrup"]
[Date "1990.??.??"]
[Round "4"]
[White "Jasnikowski, Zbigniew"]
[Black "Bern, Ivar"]
[Result "1/2-1/2"]
[WhiteElo "2445"]
[BlackElo "2370"]
[PlyCount "84"]
[EventDate "1990.02.??"]
[EventType "tourn"]
[EventRounds "9"]
[EventCountry "DEN"]
[EventCategory "4"]
[Source "ChessBase"]
[SourceDate "1996.11.15"]

1. d4 f5 2. c4 Nf6 3. Nc3 e6 4. Nf3 Bb4 5. Bd2 O-O 6. g3 b6 7. Bg2 Bb7 8. O-O
Be7 9. d5 Ne4 10. Nd4 Nxd2 11. Qxd2 e5 12. d6 Bxg2 13. dxe7 Qxe7 14. Nxf5 Rxf5
15. Kxg2 Nc6 16. Rad1 Rf7 17. Nd5 Qd8 18. Qe3 d6 19. Qe4 Rc8 20. e3 Qd7 21. b4
Rcf8 22. c5 bxc5 23. bxc5 Nd8 24. cxd6 cxd6 25. f4 exf4 26. exf4 Re8 27. Qf3
Ne6 28. h4 Nc7 29. Nxc7 Qxc7 30. Rf2 Kh8 31. Rfd2 Rf6 32. h5 Rfe6 33. Kh3 h6
34. f5 Re3 35. Qg4 Qc3 36. Kh2 R3e4 37. Qg6 Qf3 38. Rg1 Re2+ 39. Kh3 Rf8 40.
Rxe2 Qxe2 41. Rc1 Qf3 42. Rc7 Qh1+ 1/2-1/2

[Event "Taastrup B"]
[Site "Taastrup"]
[Date "1990.??.??"]
[Round "9"]
[White "Jasnikowski, Zbigniew"]
[Black "Dory, Jeno"]
[Result "1-0"]
[WhiteElo "2445"]
[BlackElo "2355"]
[PlyCount "80"]
[EventDate "1990.02.??"]
[EventType "tourn"]
[EventRounds "9"]
[EventCountry "DEN"]
[EventCategory "4"]
[Source "ChessBase"]
[SourceDate "1996.11.15"]

1. d4 Nf6 2. c4 e6 3. Nf3 b6 4. g3 Ba6 5. Nbd2 Bb4 6. Qc2 Bb7 7. Bg2 Be4 8. Qd1
O-O 9. O-O Bxd2 10. Bxd2 a5 11. Rc1 d6 12. Bh3 Nbd7 13. Bc3 Qe7 14. Nd2 Bb7 15.
Qc2 e5 16. e4 exd4 17. Bxd4 Nc5 18. f3 Nfd7 19. Rce1 f6 20. Nb1 Qf7 21. b3 Ne5
22. Nc3 Nc6 23. Be3 Bc8 24. Bg2 f5 25. f4 fxe4 26. Bxc5 bxc5 27. Qxe4 Bb7 28.
Qd5 Rfe8 29. Nb5 Rxe1 30. Rxe1 Kf8 31. Qxf7+ Kxf7 32. Nxc7 Rb8 33. Bd5+ Kg6 34.
Re6+ Kf5 35. Re8 Nd8 36. Ne6 Bxd5 37. cxd5 c4 38. Kf2 c3 39. Ke1 a4 40. Rxd8
Rb5 1-0

[Event "Taastrup B"]
[Site "Taastrup"]
[Date "1990.??.??"]
[Round "6"]
[White "Jasnikowski, Zbigniew"]
[Black "Olesen, Martin"]
[Result "1/2-1/2"]
[WhiteElo "2445"]
[BlackElo "2270"]
[PlyCount "41"]
[EventDate "1990.02.??"]
[EventType "tourn"]
[EventRounds "9"]
[EventCountry "DEN"]
[EventCategory "4"]
[Source "ChessBase"]
[SourceDate "1996.11.15"]

1. d4 Nf6 2. Nf3 g6 3. c4 Bg7 4. Nc3 O-O 5. g3 d6 6. Bg2 Nc6 7. O-O e5 8. d5
Ne7 9. e4 Ne8 10. Ne1 f5 11. Nd3 Nf6 12. f4 fxe4 13. Nxe4 Nxe4 14. Bxe4 exf4
15. Nxf4 Nf5 16. Qd3 Qf6 17. Rb1 Qd4+ 18. Kg2 Re8 19. Re1 Qxd3 20. Nxd3 Nd4 21.
Nf2 1/2-1/2

[Event "Taastrup B"]
[Site "Taastrup"]
[Date "1990.??.??"]
[Round "2"]
[White "Jasnikowski, Zbigniew"]
[Black "Bus, Mariusz"]
[Result "1-0"]
[WhiteElo "2445"]
[BlackElo "2335"]
[PlyCount "83"]
[EventDate "1990.02.??"]
[EventType "tourn"]
[EventRounds "9"]
[EventCountry "DEN"]
[EventCategory "4"]
[Source "ChessBase"]
[SourceDate "1996.11.15"]

1. c4 e5 2. Nc3 Nc6 3. Nf3 Nf6 4. g3 g6 5. d4 exd4 6. Nxd4 Bg7 7. Bg2 O-O 8.
O-O Re8 9. Nxc6 bxc6 10. Qc2 Bb7 11. Rd1 Qe7 12. e4 Ng4 13. Qe2 Nf6 14. Be3 Ba6
15. Rac1 Rad8 16. b3 d6 17. b4 Qe6 18. b5 Bb7 19. bxc6 Bxc6 20. Nd5 Rd7 21. f3
Ba4 22. Rd3 c5 23. Qf1 Rb7 24. Bh3 Qe5 25. Nc3 Bd7 26. Bf4 Bxh3 27. Qxh3 Qh5
28. Qxh5 Nxh5 29. Be3 f5 30. Rxd6 Bxc3 31. Rxc3 fxe4 32. Rb3 Rxb3 33. axb3 Ng7
34. fxe4 Rxe4 35. Bxc5 Re1+ 36. Kf2 Rb1 37. Rd8+ Kf7 38. Rd7+ Kg8 39. b4 Ne6
40. Rxa7 Rc1 41. Be3 Rxc4 42. b5 1-0

[Event "Taastrup B"]
[Site "Taastrup"]
[Date "1990.??.??"]
[Round "7"]
[White "Olesen, Martin"]
[Black "Dory, Jeno"]
[Result "0-1"]
[WhiteElo "2270"]
[BlackElo "2355"]
[PlyCount "76"]
[EventDate "1990.02.??"]
[EventType "tourn"]
[EventRounds "9"]
[EventCountry "DEN"]
[EventCategory "4"]
[Source "ChessBase"]
[SourceDate "1996.11.15"]

1. f4 Nf6 2. Nf3 g6 3. g3 Bg7 4. Bg2 c5 5. O-O O-O 6. d3 Nc6 7. Nc3 d6 8. h3
Bd7 9. e3 Rb8 10. g4 b5 11. Qe1 b4 12. Ne4 Nxe4 13. dxe4 Bc8 14. Qh4 Ba6 15.
Rf2 e6 16. Qg3 Qe7 17. g5 f5 18. gxf6 Qxf6 19. Kh1 Bb7 20. Bd2 Qxb2 21. Rg1 Qf6
22. Ng5 Bh6 23. h4 Kh8 24. Bf3 Qe7 25. c3 a5 26. cxb4 axb4 27. Bc1 Bxg5 28.
hxg5 c4 29. Rh2 Kg8 30. Rh6 Ra8 31. Qh2 Qf7 32. Rg3 Qg7 33. Rgh3 Rf7 34. Qc2
Qc3 35. Qd1 Rxa2 36. Rh2 Ra1 37. Rc2 Qd3 38. Qe1 Qxc2 0-1

[Event "Taastrup B"]
[Site "Taastrup"]
[Date "1990.??.??"]
[Round "5"]
[White "Olesen, Martin"]
[Black "Hutters, Tomas"]
[Result "1/2-1/2"]
[WhiteElo "2270"]
[BlackElo "2260"]
[PlyCount "29"]
[EventDate "1990.02.??"]
[EventType "tourn"]
[EventRounds "9"]
[EventCountry "DEN"]
[EventCategory "4"]
[Source "ChessBase"]
[SourceDate "1996.11.15"]

1. c4 f5 2. g3 Nf6 3. Bg2 g6 4. Nc3 Bg7 5. d3 O-O 6. e4 d6 7. Nge2 Nc6 8. O-O
e5 9. Nd5 Be6 10. Nec3 Qd7 11. Be3 Nd8 12. Nxf6+ Bxf6 13. exf5 Bxf5 14. Qd2 Nc6
15. Nd5 1/2-1/2

[Event "Taastrup B"]
[Site "Taastrup"]
[Date "1990.??.??"]
[Round "2"]
[White "Olesen, Martin"]
[Black "Bern, Ivar"]
[Result "0-1"]
[WhiteElo "2270"]
[BlackElo "2370"]
[PlyCount "104"]
[EventDate "1990.02.??"]
[EventType "tourn"]
[EventRounds "9"]
[EventCountry "DEN"]
[EventCategory "4"]
[Source "ChessBase"]
[SourceDate "1996.11.15"]

1. d4 f5 2. g3 Nf6 3. Bg2 e6 4. Nf3 d5 5. O-O Bd6 6. c4 c6 7. Bf4 Bxf4 8. gxf4
O-O 9. Nc3 Qe7 10. Ne5 Bd7 11. Qb3 Be8 12. Rac1 Bh5 13. e3 Kh8 14. h3 Rg8 15.
cxd5 exd5 16. Qc2 Ne4 17. Kh2 Nd7 18. f3 Nd6 19. e4 Nb6 20. exd5 cxd5 21. Qf2
Be8 22. Rg1 Nf7 23. Bh1 Nd8 24. Rce1 Qf6 25. Qe3 Rc8 26. Bg2 Qh4 27. Bf1 Ne6
28. Bd3 Rf8 29. Ne2 Bh5 30. Rg3 a6 31. Reg1 Rce8 32. Bc2 Nc4 33. Qc1 Nxe5 34.
dxe5 g5 35. fxg5 f4 36. Rg4 Bxg4 37. Rxg4 Qf2+ 38. Rg2 Qxf3 39. Qe1 Qh5 40. Rg4
Nxg5 41. Ng1 f3 42. e6 Ne4 43. Rxe4 dxe4 44. Qc3+ Kg8 45. Bxe4 Rxe6 46. Bxf3
Qe5+ 47. Qxe5 Rxe5 48. Bxb7 Rf2+ 49. Kg3 Rxb2 50. Nf3 Rxb7 51. Nxe5 Rb2 52. a4
Ra2 0-1

[Event "Taastrup B"]
[Site "Taastrup"]
[Date "1990.??.??"]
[Round "9"]
[White "Olesen, Martin"]
[Black "Bus, Mariusz"]
[Result "0-1"]
[WhiteElo "2270"]
[BlackElo "2335"]
[PlyCount "60"]
[EventDate "1990.02.??"]
[EventType "tourn"]
[EventRounds "9"]
[EventCountry "DEN"]
[EventCategory "4"]
[Source "ChessBase"]
[SourceDate "1996.11.15"]

1. e4 e6 2. d4 d5 3. Nd2 c5 4. exd5 Qxd5 5. Ngf3 cxd4 6. Bc4 Qd6 7. O-O Nf6 8.
Nb3 Nc6 9. Nbxd4 Nxd4 10. Nxd4 Bd7 11. b3 O-O-O 12. Bb2 Qc7 13. Qe2 h5 14. Nf3
Ng4 15. Rad1 Bd6 16. h3 Bc6 17. Rxd6 Qxd6 18. hxg4 hxg4 19. Ne5 Rh4 20. Nxg4
Rdh8 21. f4 Rh1+ 22. Kf2 Qxf4+ 23. Ke1 Rxf1+ 24. Qxf1 Qxg4 25. Qxf7 Qg3+ 26.
Kd2 Rd8+ 27. Bd3 Qxg2+ 28. Kc1 Qg1+ 29. Kd2 Qg5+ 30. Kd1 Qe3 0-1

[Event "Taastrup B"]
[Site "Taastrup"]
[Date "1990.??.??"]
[Round "6"]
[White "Sorensen, Torben N"]
[Black "Hutters, Tomas"]
[Result "0-1"]
[WhiteElo "2300"]
[BlackElo "2260"]
[PlyCount "80"]
[EventDate "1990.02.??"]
[EventType "tourn"]
[EventRounds "9"]
[EventCountry "DEN"]
[EventCategory "4"]
[Source "ChessBase"]
[SourceDate "1996.11.15"]

1. c4 Nf6 2. Nc3 e5 3. Nf3 e4 4. Ng5 b5 5. d3 bxc4 6. dxe4 h6 7. Nf3 Bb4 8. e5
Ne4 9. Qd4 Nxc3 10. bxc3 Nc6 11. Qxc4 Ba6 12. Qb3 Ba5 13. Ba3 Rb8 14. Qc2 d6
15. O-O-O O-O 16. exd6 cxd6 17. Bxd6 Qf6 18. Bxf8 Kxf8 19. e3 Nb4 20. Qd2 Nxa2+
21. Kc2 Qg6+ 22. Bd3 Bxc3 23. Rb1 Rxb1 24. Rxb1 Qc6 25. Qe2 Qa4+ 26. Rb3 Bxd3+
27. Qxd3 Nb4+ 28. Kxc3 Nxd3 29. Rb8+ Ke7 30. Kxd3 Qa6+ 31. Kc3 Qf1 32. Rb7+ Kf6
33. Rxa7 Qxf2 34. Ra6+ Ke7 35. Ra7+ Ke8 36. Ra8+ Ke7 37. Ra7+ Kd6 38. Nd4 Qxe3+
39. Kc4 Qe4 40. Rxf7 Qd5+ 0-1

[Event "Taastrup B"]
[Site "Taastrup"]
[Date "1990.??.??"]
[Round "8"]
[White "Sorensen, Torben N"]
[Black "Jasnikowski, Zbigniew"]
[Result "0-1"]
[WhiteElo "2300"]
[BlackElo "2445"]
[PlyCount "62"]
[EventDate "1990.02.??"]
[EventType "tourn"]
[EventRounds "9"]
[EventCountry "DEN"]
[EventCategory "4"]
[Source "ChessBase"]
[SourceDate "1996.11.15"]

1. c4 e5 2. Nc3 Nc6 3. g3 g6 4. Bg2 Bg7 5. d3 Nge7 6. Nf3 O-O 7. O-O d6 8. Rb1
a5 9. a3 Bf5 10. b4 axb4 11. axb4 Qd7 12. Re1 Bh3 13. Bh1 h6 14. Qc2 f5 15. b5
Nd8 16. Bb2 c6 17. Ra1 Nf7 18. Qb3 Kh7 19. Nd2 h5 20. Ra4 f4 21. Rea1 Rxa4 22.
Rxa4 h4 23. Bf3 hxg3 24. hxg3 fxg3 25. fxg3 Bh6 26. Nde4 Kg7 27. bxc6 Be3+ 28.
Kh2 Rh8 29. Ra8 Nc8 30. g4 Bf1+ 31. Kg3 Rh3# 0-1

[Event "Taastrup B"]
[Site "Taastrup"]
[Date "1990.??.??"]
[Round "4"]
[White "Sorensen, Torben N"]
[Black "Olesen, Martin"]
[Result "0-1"]
[WhiteElo "2300"]
[BlackElo "2270"]
[PlyCount "60"]
[EventDate "1990.02.??"]
[EventType "tourn"]
[EventRounds "9"]
[EventCountry "DEN"]
[EventCategory "4"]
[Source "ChessBase"]
[SourceDate "1996.11.15"]

1. d4 Nf6 2. c4 c5 3. Nf3 cxd4 4. Nxd4 e5 5. Nb5 d5 6. cxd5 Bc5 7. e3 O-O 8.
N5c3 e4 9. a3 a6 10. Be2 Qe7 11. Nd2 b5 12. b4 Bd6 13. Bb2 Nbd7 14. Qc2 Re8 15.
Nb3 Nb6 16. Rd1 Bg4 17. Na5 Rac8 18. Bxg4 Nxg4 19. Qe2 Qh4 20. Nb7 Be5 21. Nc5
Nc4 22. Ba1 Nxh2 23. Rg1 f5 24. a4 Ng4 25. Kf1 Nh2+ 26. Ke1 Ng4 27. Kf1 Ncxe3+
28. Ke1 Nxd1 29. Kxd1 Nxf2+ 30. Kc2 Nd3 0-1